| 000 | 00380nam a22001337a 4500 | ||
|---|---|---|---|
| 005 | 20260121110833.0 | ||
| 008 | 260121b |||||||| |||| 00| 0 eng d | ||
| 100 | _aSnigdha Singh | ||
| 245 | _aConsumer Perception and Expectation Towards Digital Transformation in Real Estate Investment | ||
| 260 |
_aJammu _bMIET _c2024 |
||
| 300 | _a41 | ||
| 650 | _aManagement | ||
| 942 |
_2ddc _cTH |
||
| 999 |
_c21784 _d21784 |
||